000 00918nam a2200265Ia 4500
003 OSt
005 20220923210950.0
006 a|||||r|||| 00| 0
007 ta
008 220922b |||||||| |||| 00| 0 mar d
020 _a8126020210 (hbk)
024 _a250,728
037 _cTextual
040 _aARTS
_cARTS
_bmar
041 _2mar
_amar
082 _aO155,6K06x, P5
100 _aवि. रा. करन्दीकर, संपा.
_9156645
245 0 _aसमर्थ रामदास
_b विवेकदर्शन
246 _aSamartha rāmadāsa: vivekadarshana
260 _aनई दिल्ली
_b साहित्य अकादमी
_c2005
300 _a231पृ0
_ccm.
650 _aमराठी साहित्य
_9156646
942 _hO155,6K06x, P5
_cTEXL
_2CC
999 _c293270
_d293270